| 000 | 00842nam a22002297a 4500 | ||
|---|---|---|---|
| 005 | 20081022121358.0 | ||
| 008 | 081022t xxu||||| |||| 00| 0 eng d | ||
| 010 | _aENG-84312 | ||
| 020 | _a0195689046 | ||
| 020 | _c345.00 (pbk) | ||
| 035 | _aEN-67845 | ||
| 082 | _a280.24 / REL | ||
| 245 |
_aReligious conversion in India : _bmodes, motivations and meanings / _cedited by Rowena Robinson and Sathianathan Clarke |
||
| 260 |
_aNew Delhi _bOxford University Press |
||
| 260 | _c2007 | ||
| 300 |
_axv, 420p _c22cm |
||
| 500 | _aIncludes index | ||
| 700 |
_aClarke, Sathianathan _ced |
||
| 700 |
_aRobinson, Rowena _ced |
||
| 942 |
_2ddc _cEN _h280.24 _mREL |
||
| 999 |
_c17650 _d17650 |
||